| 000 | 00310nam a22001097a 4500 | ||
|---|---|---|---|
| 082 | _a363.11 MOD'I | ||
| 100 |
_aILO _962902 |
||
| 245 | _aMODEL CODE OF SAFETY REGULATIONS FOR INDUSTRIAL ESTABLISHMENTS FOR THE GUIDANCE OF GOVERNMENT AND INDUSTRY | ||
| 260 |
_aGENERA _bILO _c1956 |
||
| 300 | _a523P | ||
| 942 | _cBK | ||
| 999 |
_c583135 _d583135 |
||